Russkaja čitanka : vzory poezie i prozy. II., 2. kl. /

Hlavní autor: Birčak, Volodymyr, 1881-1945
Jazyk: Ukrajinština
Vydáno: Praga : Druž. vydav, 1922
Témata:
Fyzický popis: 238 s.
Knihy
Uloženo v:
LEADER 00650nam a2200193 a 4500
001 000621088
003 CZ BrMZK
005 20020905100021.0
008 020905s1922 xr f ukr d
040 |a BOA001  |b cze  |c BOA001 
100 1 |a Birčak, Volodymyr,  |d 1881-1945  |7 js2006303617  |4 aut 
245 1 0 |a Russkaja čitanka :  |b vzory poezie i prozy.  |n II., 2. kl. /  |c Volodymyr Birčak 
260 |a Praga :  |b Druž. vydav,  |c 1922 
300 |a 238 s. 
910 |a BOA001  |b PK-II-0002.879,2 
964 |a Literatura ruská - čítanky 
990 |a BK 
993 |a Y 
996 6 |b BC-47672  |c PK-II-0002.879,2  |l MZK  |r Sklad / do 1 hodiny  |n 0  |w 000621088  |u 000010  |a 1  |e BOA001  |j MZK50  |s P